Ústavný zákon o bezpečnosti štátu

Návrh ústavného zákona o bezpečnosti štátu v čase vojny, vojnového stavu, výnimočného stavu a núdzového stavu.

Enregistré dans:
Détails bibliographiques
Auteur principal: Grman, Štefan
Format: Chapitre de livre
Langue:slovaque
Sujets:
Tags: Ajouter un tag
Pas de tags, Soyez le premier à ajouter un tag!

MARC

LEADER 00000naa a2200000 4500
001 r044050
005 20230927091427.4
041 0 |a slo 
044 |a SK 
245 1 0 |a Ústavný zákon o bezpečnosti štátu  |c Štefan Grman 
520 |a Návrh ústavného zákona o bezpečnosti štátu v čase vojny, vojnového stavu, výnimočného stavu a núdzového stavu. 
610 2 0 |a bezpečnosť 
610 2 0 |a štát 
610 2 0 |a obrana štátu 
610 2 0 |a Slovensko 
610 2 0 |a zákony 
610 2 0 |a novelizácia 
100 1 |a Grman, Štefan